Beyond the bottom line: How business leaders are turning principles into profits

Guardat en:
Dades bibliogràfiques
Autor principal: Tad Tuleja
Format: Llibre
Idioma:Undetermined
Publicat: New York Penguin Book 1985
Matèries:
Etiquetes: Afegir etiqueta
Sense etiquetes, Sigues el primer a etiquetar aquest registre!
Thư viện lưu trữ: Trung tâm Học liệu Trường Đại học Cần Thơ
LEADER 00539nam a2200193Ia 4500
001 CTU_84957
008 210402s9999 xx 000 0 und d
082 |a 174 
082 |b T917 
100 |a Tad Tuleja 
245 0 |a Beyond the bottom line: 
245 0 |b How business leaders are turning principles into profits 
245 0 |c Tad Tuleja 
260 |a New York 
260 |b Penguin Book 
260 |c 1985 
650 |a business ethics,industries 
650 |z united state 
980 |a Trung tâm Học liệu Trường Đại học Cần Thơ